000 00552nam a2200181Ia 4500
008 100921s9999 xx 000 0 und d
082 _b8553
_a820 थ 39
100 _aHuxley Julian.
245 _aRace In Europe.
260 _bऑक्सफर्ड युनिव्हरसीटी प्रेस ,लंडन.
_c1939
300 _a32
_b---
365 _b0
520 _aललित इंग्रजी.
630 _aRace In Europe.
650 _aललित इंग्रजी.
730 _aRace In Europe.
942 _cBOOK
999 _c757666
_d757663